[Event "Marianske Lazne 2023"]
[Site "?"]
[Date "2023.01.18"]
[Round "6.16"]
[White "Garsky, Vladyslav"]
[Black "Besou, Hussain"]
[Result "1-0"]
[BlackElo "2288"]
[WhiteElo "2169"]
[LiveChessVersion "1.4.8"]

1. e4 {[%clk 1:30:58]} c6 {[%clk 1:30:50]} 2. d4 {[%clk 1:30:52]} d5
{[%clk 1:31:13]} 3. exd5 {[%clk 1:30:37]} cxd5 {[%clk 1:31:30]} 4. Bd3
{[%clk 1:30:02]} Nc6 {[%clk 1:30:31]} 5. c3 {[%clk 1:30:07]} Nf6 {[%clk 1:30:12]}
6. Nf3 {[%clk 1:29:30]} Bg4 {[%clk 1:27:21]} 7. h3 {[%clk 1:27:40]} Bh5
{[%clk 1:26:52]} 8. O-O {[%clk 1:26:19]} e6 {[%clk 1:26:49]} 9. Bf4
{[%clk 1:26:12]} Bd6 {[%clk 1:26:55]} 10. Bxd6 {[%clk 1:26:29]} Qxd6
{[%clk 1:27:18]} 11. Nbd2 {[%clk 1:26:49]} O-O {[%clk 1:27:37]} 12. Re1
{[%clk 1:26:58]} Rab8 {[%clk 1:25:52]} 13. a3 {[%clk 1:25:05]} Rfc8
{[%clk 1:21:06]} 14. Qb1 {[%clk 1:23:12]} Bg6 {[%clk 1:14:04]} 15. Bxg6
{[%clk 1:23:16]} hxg6 {[%clk 1:14:17]} 16. Qd3 {[%clk 1:23:32]} Ne7
{[%clk 1:09:03]} 17. Ne5 {[%clk 1:22:01]} b5 {[%clk 1:07:09]} 18. b4
{[%clk 1:19:18]} Qc7 {[%clk 1:06:05]} 19. Rec1 {[%clk 1:15:51]} Nc6
{[%clk 0:53:25]} 20. Nxc6 {[%clk 1:13:14]} Qxc6 {[%clk 0:53:49]} 21. Nb3
{[%clk 1:13:33]} Ne4 {[%clk 0:49:49]} 22. Nc5 {[%clk 1:13:32]} Nd6
{[%clk 0:48:42]} 23. a4 {[%clk 1:13:07]} a6 {[%clk 0:45:27]} 24. Ra2
{[%clk 1:02:27]} Nc4 {[%clk 0:45:02]} 25. Rca1 {[%clk 0:54:14]} bxa4
{[%clk 0:38:16]} 26. Nxa4 {[%clk 0:42:23]} a5 {[%clk 0:38:37]} 27. Rb1
{[%clk 0:36:32]} axb4 {[%clk 0:34:51]} 28. cxb4 {[%clk 0:36:17]} e5
{[%clk 0:33:52]} 29. dxe5 {[%clk 0:31:36]} Nxe5 {[%clk 0:34:03]} 30. Qd4
{[%clk 0:31:39]} Qc4 {[%clk 0:24:57]} 31. Rd2 {[%clk 0:30:17]} Qxd4
{[%clk 0:20:59]} 32. Rxd4 {[%clk 0:30:36]} Rb5 {[%clk 0:19:28]} 33. Rbd1
{[%clk 0:30:27]} Nc6 {[%clk 0:19:31]} 34. Rxd5 {[%clk 0:30:31]} Rxb4
{[%clk 0:19:09]} 35. Nc5 {[%clk 0:30:21]} f6 {[%clk 0:13:14]} 36. Nd3
{[%clk 0:29:43]} Rb7 {[%clk 0:12:52]} 37. Rc1 {[%clk 0:29:23]} Rbc7
{[%clk 0:12:59]} 38. Rdc5 {[%clk 0:28:35]} Rd7 {[%clk 0:11:07]} 39. Nb4
{[%clk 0:28:44]} Nxb4 {[%clk 0:11:29]} 40. Rxc8+ {[%clk 0:29:11]} Kh7
{[%clk 0:11:51]} 41. R8c4 {[%clk 0:29:13]} Nd3 {[%clk 0:10:16]} 42. Rd1
{[%clk 0:29:28]} g5 {[%clk 0:10:34]} 43. Rc3 {[%clk 0:29:06]} Ne5
{[%clk 0:10:58]} 44. Rxd7 {[%clk 0:29:31]} Nxd7 {[%clk 0:11:24]} 45. Kf1
{[%clk 0:29:46]} Kg6 {[%clk 0:11:48]} 46. Ke2 {[%clk 0:30:13]} Ne5
{[%clk 0:11:45]} 47. Rc7 {[%clk 0:29:49]} g4 {[%clk 0:11:32]} 48. h4
{[%clk 0:29:17]} Kh5 {[%clk 0:11:33]} 49. Rxg7 {[%clk 0:27:53]} Kxh4
{[%clk 0:11:32]} 50. Ke3 {[%clk 0:28:16]} f5 {[%clk 0:11:29]} 51. Kd4
{[%clk 0:27:44]} Nc6+ {[%clk 0:11:50]} 52. Ke3 {[%clk 0:26:58]} Nd8
{[%clk 0:11:06]} 53. Rd7 {[%clk 0:25:17]} Ne6 {[%clk 0:11:20]} 54. Re7
{[%clk 0:25:27]} Nc5 {[%clk 0:11:00]} 55. Re5 {[%clk 0:25:25]} f4+
{[%clk 0:11:23]} 56. Kd4 {[%clk 0:23:48]} Nd7 {[%clk 0:10:37]} 57. Rf5
{[%clk 0:24:13]} f3 {[%clk 0:10:53]} 58. gxf3 {[%clk 0:24:29]} gxf3
{[%clk 0:10:48]} 59. Rxf3 {[%clk 0:24:53]} 1-0

[Event "Marianske Lazne 2023"]
[Site "?"]
[Date "2023.01.18"]
[Round "6.17"]
[White "Holtel, Jasper"]
[Black "Jurek, Josef"]
[Result "1/2-1/2"]
[BlackElo "2230"]
[WhiteElo "2357"]
[LiveChessVersion "1.4.8"]

1. e4 {[%clk 1:29:40]} e6 {[%clk 1:30:38]} 2. d4 {[%clk 1:29:12]} d5
{[%clk 1:31:00]} 3. exd5 {[%clk 1:29:36]} exd5 {[%clk 1:31:12]} 4. Nf3
{[%clk 1:30:00]} Nf6 {[%clk 1:30:58]} 5. Bd3 {[%clk 1:30:20]} Bd6
{[%clk 1:30:10]} 6. Qe2+ {[%clk 1:30:33]} Qe7 {[%clk 1:29:23]} 7. Qxe7+
{[%clk 1:30:52]} Bxe7 {[%clk 1:23:47]} 8. Bf4 {[%clk 1:31:10]} c6
{[%clk 1:23:05]} 9. O-O {[%clk 1:31:30]} O-O {[%clk 1:23:04]} 10. Re1
{[%clk 1:31:47]} Re8 {[%clk 1:22:54]} 11. Nbd2 {[%clk 1:31:58]} Nbd7
{[%clk 1:17:36]} 12. a4 {[%clk 1:27:31]} Nf8 {[%clk 1:13:44]} 13. Nb3
{[%clk 1:24:50]} Ne6 {[%clk 1:12:32]} 14. Bd2 {[%clk 1:16:26]} Bd6
{[%clk 1:09:39]} 15. c3 {[%clk 1:15:22]} Bd7 {[%clk 1:05:13]} 16. Ne5
{[%clk 1:14:45]} Re7 {[%clk 1:01:37]} 17. g3 {[%clk 0:57:53]} Rae8
{[%clk 0:59:37]} 18. a5 {[%clk 0:52:29]} a6 {[%clk 0:59:02]} 19. Nxd7
{[%clk 0:52:22]} Nxd7 {[%clk 0:57:25]} 20. Bc2 {[%clk 0:52:24]} h6
{[%clk 0:54:26]} 21. Kf1 {[%clk 0:44:35]} Ng5 {[%clk 0:51:30]} 22. Bxg5
{[%clk 0:43:55]} hxg5 {[%clk 0:50:14]} 23. Bf5 {[%clk 0:43:39]} Kf8
{[%clk 0:43:13]} 24. Rxe7 {[%clk 0:40:19]} Rxe7 {[%clk 0:41:51]} 25. Re1
{[%clk 0:40:14]} Rxe1+ {[%clk 0:38:29]} 26. Kxe1 {[%clk 0:40:33]} Ke7
{[%clk 0:38:19]} 27. Ke2 {[%clk 0:39:38]} Kd8 {[%clk 0:35:57]} 28. Bxd7
{[%clk 0:38:21]} Kxd7 {[%clk 0:36:12]} 29. h3 {[%clk 0:38:41]} Ke6
{[%clk 0:33:16]} 30. Kf3 {[%clk 0:37:24]} Kf5 {[%clk 0:32:32]} 31. g4+
{[%clk 0:37:12]} Ke6 {[%clk 0:31:42]} 32. Ke2 {[%clk 0:37:33]} Kd7
{[%clk 0:30:15]} 33. Kd3 {[%clk 0:34:39]} Ke6 {[%clk 0:29:09]} 34. c4
{[%clk 0:32:54]} Bb4 {[%clk 0:27:33]} 35. c5 {[%clk 0:32:24]} 1/2-1/2

[Event "Marianske Lazne 2023"]
[Site "?"]
[Date "2023.01.18"]
[Round "6.18"]
[White "Nasshan, Dennis"]
[Black "Mannion, Stephen R"]
[Result "1-0"]
[BlackElo "2224"]
[WhiteElo "2320"]
[LiveChessVersion "1.4.8"]

1. Nf3 {[%clk 1:30:57]} d5 {[%clk 1:30:35]} 2. e3 {[%clk 1:31:24]} Nf6
{[%clk 1:30:31]} 3. c4 {[%clk 1:31:31]} c6 {[%clk 1:30:50]} 4. Nc3
{[%clk 1:31:53]} a6 {[%clk 1:30:58]} 5. d4 {[%clk 1:32:00]} b5 {[%clk 1:29:18]}
6. b3 {[%clk 1:32:23]} Bf5 {[%clk 1:28:42]} 7. Be2 {[%clk 1:32:17]} e6
{[%clk 1:27:00]} 8. O-O {[%clk 1:32:37]} h6 {[%clk 1:27:08]} 9. a4
{[%clk 1:31:34]} b4 {[%clk 1:25:13]} 10. Na2 {[%clk 1:31:57]} Nbd7
{[%clk 1:24:38]} 11. c5 {[%clk 1:31:59]} a5 {[%clk 1:24:45]} 12. Bb2
{[%clk 1:32:15]} Be7 {[%clk 1:24:10]} 13. Nc1 {[%clk 1:32:34]} O-O
{[%clk 1:23:33]} 14. Nd3 {[%clk 1:33:01]} Qc7 {[%clk 1:22:01]} 15. h3
{[%clk 1:29:29]} Ne4 {[%clk 1:18:28]} 16. Rc1 {[%clk 1:25:11]} Rae8
{[%clk 1:12:36]} 17. Qe1 {[%clk 1:21:23]} Bh7 {[%clk 1:10:56]} 18. Nfe5
{[%clk 1:08:41]} Nxe5 {[%clk 0:52:58]} 19. dxe5 {[%clk 1:08:29]} f5
{[%clk 0:52:33]} 20. f3 {[%clk 1:03:33]} Ng5 {[%clk 0:52:19]} 21. Nf4
{[%clk 0:54:36]} Bd8 {[%clk 0:52:35]} 22. Nd3 {[%clk 0:48:11]} Nf7
{[%clk 0:45:20]} 23. f4 {[%clk 0:47:22]} Nh8 {[%clk 0:45:38]} 24. Bd4
{[%clk 0:42:53]} Qb7 {[%clk 0:36:54]} 25. Rc2 {[%clk 0:36:40]} Re7
{[%clk 0:35:43]} 26. Bd1 {[%clk 0:28:52]} g5 {[%clk 0:35:12]} 27. g3
{[%clk 0:28:42]} Rg7 {[%clk 0:35:18]} 28. Rg2 {[%clk 0:29:06]} Ng6
{[%clk 0:29:12]} 29. Kf2 {[%clk 0:24:35]} Ne7 {[%clk 0:27:09]} 30. Ke2
{[%clk 0:22:20]} g4 {[%clk 0:26:52]} 31. Rh1 {[%clk 0:20:03]} h5 {[%clk 0:27:08]}
32. hxg4 {[%clk 0:19:03]} hxg4 {[%clk 0:27:29]} 33. Rgh2 {[%clk 0:19:23]} Bg6
{[%clk 0:25:12]} 34. Bc2 {[%clk 0:16:21]} Rh7 {[%clk 0:24:41]} 35. Rxh7
{[%clk 0:16:19]} Bxh7 {[%clk 0:25:09]} 36. Nf2 {[%clk 0:16:42]} Rf7
{[%clk 0:25:10]} 37. Rh6 {[%clk 0:16:47]} Qd7 {[%clk 0:16:45]} 38. Qh1
{[%clk 0:16:52]} Nc8 {[%clk 0:16:58]} 39. Qh5 {[%clk 0:15:51]} Qe7
{[%clk 0:13:00]} 40. Rf6 {[%clk 0:11:33]} Rxf6 {[%clk 0:09:41]} 41. exf6
{[%clk 0:11:53]} Qf7 {[%clk 0:10:01]} 42. Qg5+ {[%clk 0:12:11]} Kf8
{[%clk 0:09:59]} 43. Nxg4 {[%clk 0:06:30]} Bc7 {[%clk 0:27:28]} 44. Be5
{[%clk 0:22:05]} Bd8 {[%clk 0:27:35]} 45. Nh6 {[%clk 0:17:07]} Qg6
{[%clk 0:24:36]} 46. Qxg6 {[%clk 0:17:12]} Bxg6 {[%clk 0:25:03]} 47. g4
{[%clk 0:17:35]} 1-0

[Event "Marianske Lazne 2023"]
[Site "?"]
[Date "2023.01.18"]
[Round "6.19"]
[White "Ocelak, Jakub"]
[Black "Kantorik, Marian"]
[Result "1/2-1/2"]
[BlackElo "2199"]
[WhiteElo "2105"]
[LiveChessVersion "1.4.8"]

1. d4 {[%clk 1:30:57]} d5 {[%clk 1:30:43]} 2. Bf4 {[%clk 1:31:25]} Nf6
{[%clk 1:29:48]} 3. e3 {[%clk 1:31:49]} c6 {[%clk 1:29:44]} 4. c4
{[%clk 1:32:13]} Qb6 {[%clk 1:27:51]} 5. Qb3 {[%clk 1:28:11]} Qxb3
{[%clk 1:22:07]} 6. axb3 {[%clk 1:28:38]} Nbd7 {[%clk 1:22:20]} 7. Nf3
{[%clk 1:16:28]} b6 {[%clk 1:20:45]} 8. cxd5 {[%clk 0:59:14]} Nxd5
{[%clk 1:19:43]} 9. Bg3 {[%clk 0:58:55]} e6 {[%clk 1:16:18]} 10. Be2
{[%clk 0:55:39]} Bb4+ {[%clk 1:07:13]} 11. Nbd2 {[%clk 0:55:20]} O-O
{[%clk 1:06:46]} 12. O-O {[%clk 0:55:02]} a5 {[%clk 1:04:00]} 13. Rac1
{[%clk 0:47:33]} Bb7 {[%clk 1:01:50]} 14. Rfd1 {[%clk 0:46:56]} N5f6
{[%clk 0:59:05]} 15. Nc4 {[%clk 0:41:12]} Ne4 {[%clk 0:52:43]} 16. Nfe5
{[%clk 0:35:52]} Nxe5 {[%clk 0:44:03]} 17. Nxe5 {[%clk 0:29:52]} Nd2
{[%clk 0:30:28]} 18. Nd7 {[%clk 0:29:19]} Nxb3 {[%clk 0:30:46]} 19. Rc2
{[%clk 0:29:41]} b5 {[%clk 0:30:36]} 20. Nxf8 {[%clk 0:22:56]} 1/2-1/2

[Event "Marianske Lazne 2023"]
[Site "?"]
[Date "2023.01.18"]
[Round "6.20"]
[White "Mica, Marek"]
[Black "Kristoferitsch, Daniel"]
[Result "0-1"]
[BlackElo "2295"]
[WhiteElo "2244"]
[LiveChessVersion "1.4.8"]

1. d4 {[%clk 1:30:56]} Nf6 {[%clk 1:30:38]} 2. Nf3 {[%clk 1:31:05]} e6
{[%clk 1:30:45]} 3. Bf4 {[%clk 1:31:11]} c5 {[%clk 1:30:49]} 4. e3
{[%clk 1:31:15]} d5 {[%clk 1:31:10]} 5. c3 {[%clk 1:31:25]} Nc6 {[%clk 1:31:32]}
6. Nbd2 {[%clk 1:31:39]} cxd4 {[%clk 1:31:52]} 7. exd4 {[%clk 1:31:53]} Nh5
{[%clk 1:32:12]} 8. Bg5 {[%clk 1:31:19]} f6 {[%clk 1:32:31]} 9. Be3
{[%clk 1:31:29]} Bd6 {[%clk 1:32:24]} 10. g3 {[%clk 1:30:20]} O-O
{[%clk 1:29:28]} 11. Ne5 {[%clk 1:20:51]} g6 {[%clk 1:29:48]} 12. Nxc6
{[%clk 1:21:06]} bxc6 {[%clk 1:30:12]} 13. Bd3 {[%clk 1:14:10]} e5
{[%clk 1:28:31]} 14. f3 {[%clk 1:07:40]} exd4 {[%clk 1:15:00]} 15. cxd4
{[%clk 1:07:46]} Re8 {[%clk 1:15:21]} 16. Kf2 {[%clk 1:07:41]} Qc7
{[%clk 1:15:02]} 17. Rg1 {[%clk 1:05:25]} Bh3 {[%clk 1:08:38]} 18. Qc2
{[%clk 1:02:20]} f5 {[%clk 1:04:01]} 19. Bh6 {[%clk 0:57:25]} f4 {[%clk 0:57:10]}
20. g4 {[%clk 0:56:31]} Qe7 {[%clk 0:54:00]} 21. Rg2 {[%clk 0:42:54]} Qe3+
{[%clk 0:41:18]} 22. Kf1 {[%clk 0:43:18]} Ng7 {[%clk 0:41:28]} 23. Bxg7
{[%clk 0:40:40]} Kxg7 {[%clk 0:41:51]} 24. a3 {[%clk 0:39:24]} Be7
{[%clk 0:39:29]} 25. Re1 {[%clk 0:33:31]} Qxe1+ {[%clk 0:39:28]} 26. Kxe1
{[%clk 0:33:44]} Bh4+ {[%clk 0:39:55]} 27. Kf1 {[%clk 0:34:04]} Re1# 0-1

[Event "Marianske Lazne 2023"]
[Site "?"]
[Date "2023.01.19"]
[Round "7.1"]
[White "Chen, Qi b"]
[Black "Stalmach, Richard"]
[Result "1-0"]
[BlackElo "2423"]
[WhiteElo "2484"]
[LiveChessVersion "1.4.8"]

1. e4 {[%clk 1:30:58]} c5 {[%clk 1:30:46]} 2. Nf3 {[%clk 1:31:16]} d6
{[%clk 1:31:10]} 3. d4 {[%clk 1:31:26]} cxd4 {[%clk 1:31:35]} 4. Nxd4
{[%clk 1:31:54]} Nf6 {[%clk 1:31:59]} 5. Nc3 {[%clk 1:32:11]} Nc6
{[%clk 1:32:18]} 6. Bg5 {[%clk 1:31:07]} e6 {[%clk 1:32:24]} 7. Qd2
{[%clk 1:31:11]} a6 {[%clk 1:32:10]} 8. O-O-O {[%clk 1:31:16]} Bd7
{[%clk 1:32:29]} 9. f3 {[%clk 1:31:28]} Nxd4 {[%clk 1:32:27]} 10. Qxd4
{[%clk 1:31:53]} Be7 {[%clk 1:32:50]} 11. Kb1 {[%clk 1:31:51]} b5
{[%clk 1:31:49]} 12. g4 {[%clk 1:24:50]} h5 {[%clk 1:06:52]} 13. gxh5
{[%clk 1:21:48]} Nxh5 {[%clk 1:05:06]} 14. h4 {[%clk 1:20:31]} Qc7
{[%clk 1:02:19]} 15. Qd2 {[%clk 1:16:22]} Bc6 {[%clk 0:57:26]} 16. Bh3
{[%clk 1:02:39]} Rd8 {[%clk 0:42:27]} 17. Rhe1 {[%clk 0:58:30]} Bxg5
{[%clk 0:35:54]} 18. hxg5 {[%clk 0:57:53]} e5 {[%clk 0:35:22]} 19. Ne2
{[%clk 0:55:43]} g6 {[%clk 0:24:53]} 20. Bg4 {[%clk 0:48:06]} Ng7
{[%clk 0:25:13]} 21. Nc3 {[%clk 0:43:43]} Kf8 {[%clk 0:17:31]} 22. a3
{[%clk 0:32:54]} Bb7 {[%clk 0:12:53]} 23. f4 {[%clk 0:30:47]} Rh4
{[%clk 0:13:18]} 24. Rg1 {[%clk 0:30:52]} exf4 {[%clk 0:10:28]} 25. Qxf4
{[%clk 0:30:40]} Qe7 {[%clk 0:10:48]} 26. Nd5 {[%clk 0:20:29]} Bxd5
{[%clk 0:09:02]} 27. exd5 {[%clk 0:20:54]} Qe5 {[%clk 0:08:21]} 28. Qf2
{[%clk 0:20:45]} Qxg5 {[%clk 0:06:24]} 29. Rdf1 {[%clk 0:19:28]} Qe7
{[%clk 0:05:30]} 30. Be6 {[%clk 0:14:37]} Nf5 {[%clk 0:05:39]} 31. Bxf5
{[%clk 0:14:14]} gxf5 {[%clk 0:06:04]} 32. Qxf5 {[%clk 0:14:36]} Re8
{[%clk 0:06:10]} 33. Ka2 {[%clk 0:10:47]} Rh6 {[%clk 0:05:31]} 34. Qg4
{[%clk 0:09:13]} Qe5 {[%clk 0:04:43]} 35. Qg8+ {[%clk 0:09:37]} Ke7
{[%clk 0:05:12]} 36. Qxf7+ {[%clk 0:10:02]} Kd8 {[%clk 0:05:39]} 37. Qb7
{[%clk 0:10:24]} 1-0

[Event "Marianske Lazne 2023"]
[Site "?"]
[Date "2023.01.19"]
[Round "7.2"]
[White "Seemann, Jakub"]
[Black "Kusa, Jakub"]
[Result "1-0"]
[BlackElo "2359"]
[WhiteElo "2389"]
[LiveChessVersion "1.4.8"]

1. Nf3 {[%clk 1:30:56]} e6 {[%clk 1:30:18]} 2. c4 {[%clk 1:31:09]} d5
{[%clk 1:30:31]} 3. g3 {[%clk 1:31:32]} dxc4 {[%clk 1:29:28]} 4. Qa4+
{[%clk 1:30:40]} Bd7 {[%clk 1:28:38]} 5. Qxc4 {[%clk 1:31:04]} c5
{[%clk 1:28:22]} 6. Ne5 {[%clk 1:30:26]} Nc6 {[%clk 1:26:52]} 7. Nxd7
{[%clk 1:30:44]} Qxd7 {[%clk 1:27:13]} 8. Bg2 {[%clk 1:31:06]} Nf6
{[%clk 1:26:05]} 9. Qa4 {[%clk 1:26:12]} Rc8 {[%clk 1:24:55]} 10. Nc3
{[%clk 1:26:02]} Be7 {[%clk 1:22:55]} 11. O-O {[%clk 1:26:16]} O-O
{[%clk 1:21:13]} 12. Qc2 {[%clk 1:19:43]} Rfd8 {[%clk 1:18:45]} 13. b3
{[%clk 1:20:04]} b6 {[%clk 1:17:43]} 14. d3 {[%clk 1:19:20]} Ne8 {[%clk 1:12:34]}
15. Bb2 {[%clk 1:17:24]} Bf6 {[%clk 1:10:35]} 16. Rfd1 {[%clk 1:05:58]} Nc7
{[%clk 1:02:47]} 17. Rac1 {[%clk 1:00:55]} Nb4 {[%clk 1:00:11]} 18. Qb1
{[%clk 0:55:49]} Ncd5 {[%clk 0:58:15]} 19. Nxd5 {[%clk 0:54:37]} Nxd5
{[%clk 0:57:33]} 20. a3 {[%clk 0:38:22]} Qd6 {[%clk 0:50:33]} 21. e3
{[%clk 0:36:57]} Bxb2 {[%clk 0:49:30]} 22. Qxb2 {[%clk 0:37:25]} Ne7
{[%clk 0:46:59]} 23. Bb7 {[%clk 0:30:11]} Rb8 {[%clk 0:42:07]} 24. Bf3
{[%clk 0:30:28]} e5 {[%clk 0:37:29]} 25. b4 {[%clk 0:27:41]} Rbc8
{[%clk 0:36:29]} 26. Rc4 {[%clk 0:22:19]} cxb4 {[%clk 0:32:13]} 27. axb4
{[%clk 0:22:30]} Qf6 {[%clk 0:28:51]} 28. Rxc8 {[%clk 0:21:33]} Rxc8
{[%clk 0:26:26]} 29. Kg2 {[%clk 0:18:09]} g6 {[%clk 0:23:54]} 30. Be4
{[%clk 0:12:50]} Qd6 {[%clk 0:23:12]} 31. Qb3 {[%clk 0:12:44]} Kg7
{[%clk 0:22:19]} 32. d4 {[%clk 0:11:52]} Rd8 {[%clk 0:20:47]} 33. Bf3
{[%clk 0:11:38]} exd4 {[%clk 0:17:41]} 34. Rxd4 {[%clk 0:12:03]} Qc7
{[%clk 0:17:39]} 35. Rc4 {[%clk 0:11:23]} Qe5 {[%clk 0:15:58]} 36. Re4
{[%clk 0:10:25]} Qd6 {[%clk 0:14:35]} 37. Qc3+ {[%clk 0:09:20]} Kg8
{[%clk 0:14:30]} 38. Rd4 {[%clk 0:08:16]} Qb8 {[%clk 0:14:46]} 39. Re4
{[%clk 0:04:15]} Qd6 {[%clk 0:14:35]} 40. Rc4 {[%clk 0:02:56]} h5
{[%clk 0:03:56]} 41. b5 {[%clk 0:28:26]} Nf5 {[%clk 0:29:04]} 42. Rc6
{[%clk 0:20:24]} Qd2 {[%clk 0:27:17]} 43. Qe5 {[%clk 0:20:44]} h4
{[%clk 0:22:49]} 44. Bg4 {[%clk 0:20:05]} hxg3 {[%clk 0:21:55]} 45. hxg3
{[%clk 0:20:23]} Qd5+ {[%clk 0:21:25]} 46. Qxd5 {[%clk 0:20:48]} Rxd5
{[%clk 0:21:48]} 47. e4 {[%clk 0:16:46]} Rd4 {[%clk 0:22:15]} 48. exf5
{[%clk 0:15:49]} Rxg4 {[%clk 0:22:40]} 49. fxg6 {[%clk 0:15:41]} Rg5
{[%clk 0:18:51]} 50. gxf7+ {[%clk 0:16:07]} Kxf7 {[%clk 0:19:13]} 51. Rc7+
{[%clk 0:16:35]} Ke6 {[%clk 0:19:34]} 52. Rxa7 {[%clk 0:16:59]} Rxb5
{[%clk 0:19:59]} 53. f4 {[%clk 0:17:03]} Rb1 {[%clk 0:19:33]} 54. Kf3
{[%clk 0:17:20]} Kf5 {[%clk 0:18:51]} 55. Re7 {[%clk 0:16:37]} b5
{[%clk 0:16:34]} 56. Re5+ {[%clk 0:17:01]} Kf6 {[%clk 0:16:55]} 57. Kg4
{[%clk 0:17:16]} Rb3 {[%clk 0:16:02]} 58. Rc5 {[%clk 0:17:10]} Ke6
{[%clk 0:16:27]} 59. f5+ {[%clk 0:17:19]} Kd6 {[%clk 0:15:57]} 60. Rc8
{[%clk 0:17:43]} b4 {[%clk 0:15:28]} 61. Kf4 {[%clk 0:17:49]} Kd7
{[%clk 0:14:54]} 62. Rc4 {[%clk 0:18:09]} Rb1 {[%clk 0:15:05]} 63. g4
{[%clk 0:18:31]} Kd6 {[%clk 0:14:44]} 64. Kg5 {[%clk 0:18:42]} b3
{[%clk 0:14:07]} 65. Rb4 {[%clk 0:18:54]} Ke7 {[%clk 0:13:44]} 66. Rb7+
{[%clk 0:19:07]} Kf8 {[%clk 0:14:06]} 67. Kf6 {[%clk 0:19:26]} Kg8
{[%clk 0:14:30]} 68. g5 {[%clk 0:19:51]} Ra1 {[%clk 0:14:31]} 69. Rb8+
{[%clk 0:20:16]} Kh7 {[%clk 0:14:57]} 70. g6+ {[%clk 0:20:43]} 1-0

[Event "Marianske Lazne 2023"]
[Site "?"]
[Date "2023.01.19"]
[Round "7.3"]
[White "Stefansson, Hannes"]
[Black "Rasik, Vitezslav"]
[Result "1-0"]
[BlackElo "2427"]
[WhiteElo "2526"]
[LiveChessVersion "1.4.8"]

1. e4 {[%clk 1:30:38]} d6 {[%clk 1:30:22]} 2. d4 {[%clk 1:30:44]} g6
{[%clk 1:30:32]} 3. Nc3 {[%clk 1:30:36]} Nf6 {[%clk 1:30:50]} 4. Be3
{[%clk 1:30:25]} c6 {[%clk 1:31:05]} 5. Qd2 {[%clk 1:30:03]} b5 {[%clk 1:30:59]}
6. Bd3 {[%clk 1:27:41]} Nbd7 {[%clk 1:30:14]} 7. Nf3 {[%clk 1:26:10]} Qc7
{[%clk 1:30:22]} 8. O-O {[%clk 1:24:55]} Bg7 {[%clk 1:29:45]} 9. Ne2
{[%clk 1:16:54]} a6 {[%clk 1:24:31]} 10. a4 {[%clk 1:15:41]} Bb7 {[%clk 1:22:06]}
11. Bh6 {[%clk 1:13:13]} O-O {[%clk 1:20:00]} 12. Ng3 {[%clk 1:12:40]} e5
{[%clk 1:15:35]} 13. Nh4 {[%clk 1:03:44]} Bxh6 {[%clk 1:01:36]} 14. Qxh6
{[%clk 1:03:59]} Kh8 {[%clk 1:00:58]} 15. c3 {[%clk 1:01:33]} Ng8
{[%clk 0:55:23]} 16. Qd2 {[%clk 1:01:13]} Qd8 {[%clk 0:49:33]} 17. Nf3
{[%clk 1:01:17]} Qe7 {[%clk 0:48:57]} 18. Ne1 {[%clk 0:55:44]} Nb6
{[%clk 0:39:41]} 19. b3 {[%clk 0:53:34]} Qe6 {[%clk 0:33:10]} 20. Qb2
{[%clk 0:48:13]} f5 {[%clk 0:21:51]} 21. exf5 {[%clk 0:42:58]} gxf5
{[%clk 0:22:17]} 22. dxe5 {[%clk 0:42:18]} dxe5 {[%clk 0:21:17]} 23. c4
{[%clk 0:42:30]} f4 {[%clk 0:17:03]} 24. Ne4 {[%clk 0:42:40]} Nd7
{[%clk 0:16:50]} 25. Nf3 {[%clk 0:41:44]} Ngf6 {[%clk 0:15:42]} 26. Rfe1
{[%clk 0:40:53]} Rae8 {[%clk 0:15:09]} 27. Rad1 {[%clk 0:38:12]} c5
{[%clk 0:09:25]} 28. cxb5 {[%clk 0:33:00]} Rg8 {[%clk 0:08:01]} 29. g3
{[%clk 0:31:32]} fxg3 {[%clk 0:05:09]} 30. fxg3 {[%clk 0:27:09]} axb5
{[%clk 0:04:29]} 31. axb5 {[%clk 0:27:28]} Rg4 {[%clk 0:04:05]} 32. Neg5
{[%clk 0:24:26]} Qg8 {[%clk 0:02:32]} 33. Bc4 {[%clk 0:18:25]} Rxc4
{[%clk 0:01:13]} 34. bxc4 {[%clk 0:18:49]} h6 {[%clk 0:00:38]} 35. Nxe5
{[%clk 0:15:48]} Nxe5 {[%clk 0:00:47]} 36. Rxe5 {[%clk 0:16:10]} Rxe5
{[%clk 0:01:04]} 37. Qxe5 {[%clk 0:16:34]} Qxg5 {[%clk 0:01:30]} 38. Qb8+
{[%clk 0:16:38]} 1-0

[Event "Marianske Lazne 2023"]
[Site "?"]
[Date "2023.01.19"]
[Round "7.4"]
[White "Gaehwiler, Gabriel"]
[Black "Natsidis, Christoph"]
[Result "1/2-1/2"]
[BlackElo "2308"]
[WhiteElo "2408"]
[LiveChessVersion "1.4.8"]

1. d4 {[%clk 1:25:03]} Nf6 {[%clk 1:30:53]} 2. c4 {[%clk 1:25:24]} e6
{[%clk 1:31:19]} 3. g3 {[%clk 1:25:15]} d5 {[%clk 1:31:43]} 4. Nf3
{[%clk 1:25:18]} Bb4+ {[%clk 1:31:44]} 5. Bd2 {[%clk 1:25:37]} Be7
{[%clk 1:32:09]} 6. Bg2 {[%clk 1:25:56]} O-O {[%clk 1:32:34]} 7. O-O
{[%clk 1:25:28]} Nbd7 {[%clk 1:33:00]} 8. Qc2 {[%clk 1:25:47]} c6
{[%clk 1:33:25]} 9. Bf4 {[%clk 1:23:44]} b6 {[%clk 1:31:03]} 10. Rd1
{[%clk 1:23:06]} Bb7 {[%clk 1:31:20]} 11. Nc3 {[%clk 1:13:45]} 1/2-1/2

[Event "Marianske Lazne 2023"]
[Site "?"]
[Date "2023.01.19"]
[Round "7.5"]
[White "Petr, Martin"]
[Black "Adithya, A Chullikkad"]
[Result "1-0"]
[BlackElo "2196"]
[WhiteElo "2508"]
[LiveChessVersion "1.4.8"]

1. Nf3 {[%clk 1:30:57]} Nf6 {[%clk 1:30:39]} 2. c4 {[%clk 1:31:03]} e6
{[%clk 1:28:53]} 3. b3 {[%clk 1:30:09]} d5 {[%clk 1:28:41]} 4. Bb2
{[%clk 1:28:37]} Be7 {[%clk 1:28:27]} 5. e3 {[%clk 1:28:23]} O-O {[%clk 1:26:26]}
6. d4 {[%clk 1:20:52]} b6 {[%clk 1:24:39]} 7. Bd3 {[%clk 1:20:41]} Bb7
{[%clk 1:23:57]} 8. O-O {[%clk 1:20:45]} c5 {[%clk 1:19:05]} 9. Nc3
{[%clk 1:14:13]} Nbd7 {[%clk 1:16:15]} 10. Qe2 {[%clk 1:09:32]} Rc8
{[%clk 1:14:37]} 11. Rac1 {[%clk 1:06:51]} Qc7 {[%clk 1:10:14]} 12. Rfd1
{[%clk 1:04:20]} Qb8 {[%clk 1:08:25]} 13. cxd5 {[%clk 1:02:01]} exd5
{[%clk 1:01:45]} 14. dxc5 {[%clk 0:58:10]} bxc5 {[%clk 1:00:44]} 15. Bf5
{[%clk 0:58:33]} Rfd8 {[%clk 0:58:53]} 16. Na4 {[%clk 0:58:44]} Ne4
{[%clk 0:35:57]} 17. Nd2 {[%clk 0:54:46]} Nxd2 {[%clk 0:26:15]} 18. Bxd7
{[%clk 0:50:15]} Rxd7 {[%clk 0:11:16]} 19. Qg4 {[%clk 0:50:35]} Bf8
{[%clk 0:11:14]} 20. Qxd7 {[%clk 0:50:57]} Bc6 {[%clk 0:10:41]} 21. Qg4
{[%clk 0:46:18]} Nc4 {[%clk 0:08:53]} 22. bxc4 {[%clk 0:45:03]} Bxa4
{[%clk 0:09:13]} 23. Rd2 {[%clk 0:43:55]} dxc4 {[%clk 0:08:37]} 24. Rxc4
{[%clk 0:42:44]} Bb5 {[%clk 0:08:37]} 25. Rc1 {[%clk 0:42:22]} c4
{[%clk 0:05:57]} 26. Be5 {[%clk 0:40:29]} Qa8 {[%clk 0:04:40]} 27. h4
{[%clk 0:39:46]} Rc5 {[%clk 0:03:00]} 28. Bd6 {[%clk 0:34:46]} c3
{[%clk 0:01:20]} 29. Bxf8 {[%clk 0:35:09]} Qxf8 {[%clk 0:00:34]} 30. Rdc2
{[%clk 0:35:26]} Rc4 {[%clk 0:00:38]} 31. Qf5 {[%clk 0:33:28]} Qb4
{[%clk 0:00:59]} 32. a3 {[%clk 0:32:41]} Qb3 {[%clk 0:00:51]} 33. Rxc3
{[%clk 0:32:43]} g6 {[%clk 0:00:36]} 34. Qf6 {[%clk 0:31:40]} Rxc3
{[%clk 0:00:57]} 35. Rxc3 {[%clk 0:31:20]} Qd1+ {[%clk 0:01:22]} 36. Kh2
{[%clk 0:31:46]} Qd7 {[%clk 0:01:33]} 37. h5 {[%clk 0:31:17]} gxh5
{[%clk 0:01:16]} 38. Rc5 {[%clk 0:31:09]} Bd3 {[%clk 0:01:01]} 39. Rxh5
{[%clk 0:30:28]} Bg6 {[%clk 0:01:24]} 40. Re5 {[%clk 0:30:21]} h6
{[%clk 0:01:14]} 41. Re7 {[%clk 0:29:57]} Qa4 {[%clk 0:01:36]} 42. Rb7
{[%clk 0:29:49]} Qe8 {[%clk 0:01:56]} 43. Qb2 {[%clk 0:28:58]} Bf5
{[%clk 0:01:58]} 44. Rb8 {[%clk 0:29:22]} Bc8 {[%clk 0:02:25]} 45. Qc3
{[%clk 0:29:45]} 1-0